Tình hình thị trường dược phẩm 07 tháng đầu năm 2008
Zapisane w:
| Format: | Artykuł |
|---|---|
| Język: | Vietnamese |
| Hasła przedmiotowe: | |
| Etykiety: |
Dodaj etykietę
Nie ma etykietki, Dołącz pierwszą etykiete!
|
| Thư viện lưu trữ: | Thư viện Trường Đại học Đà Lạt |
|---|
| LEADER | 00712nam a2200253 4500 | ||
|---|---|---|---|
| 001 | DLU100110971 | ||
| 005 | ##20100824 | ||
| 040 | # | # | |a DLU |b vie |
| 041 | # | # | |a vie |
| 044 | # | # | |a vn |
| 245 | # | # | |a Tình hình thị trường dược phẩm 07 tháng đầu năm 2008 |
| 653 | # | # | |a Dược phẩm |
| 653 | # | # | |a Giá cả |
| 653 | # | # | |a Quản lí nhà nước |
| 773 | # | # | |t Tạp chí Dược học |g Số 9(389), 2008, tr. 44-46 |
| 920 | # | # | |a Phòng Tạp chí -- Trung tâm Thông tin - Thư viện Trường Đại học Đà Lạt |
| 994 | # | # | |a DLU |
| 900 | # | # | |a True |
| 911 | # | # | |a Nguyễn Thị Linh Chi |
| 925 | # | # | |a G |
| 926 | # | # | |a A |
| 927 | # | # | |a BB |
| 980 | # | # | |a Thư viện Trường Đại học Đà Lạt |